|
|
|
|
| LEADER |
00712nab a2200181 i 4500 |
| 001 |
acta18511 |
| 005 |
20210721130756.0 |
| 008 |
161015s1985 hu o 0|| hun d |
| 022 |
|
|
|a 0238-3624
|
| 040 |
|
|
|a SZTE Egyetemi Kiadványok Repozitórium
|b hun
|
| 041 |
|
|
|a hun
|
| 100 |
1 |
|
|a Zallár Andor
|
| 245 |
1 |
0 |
|a Infravörös fénysorompoval vezérelt digitalis forgalomszámlálo [!fénysorompóval vezérelt digitális forgalomszámláló]
|h [elektronikus dokumentum] /
|c Zallár Andor
|
| 260 |
|
|
|c 1985
|
| 300 |
|
|
|a 25
|
| 490 |
0 |
|
|a Szegedi Orvostudományi Egyetem újítói és újításai
|v 1
|
| 695 |
|
|
|a Mérnöki tudományok
|
| 856 |
4 |
0 |
|u http://acta.bibl.u-szeged.hu/18511/1/szote_ujito_1985_025.pdf
|z Dokumentum-elérés
|